| 000 | 00588 a2200193 4500 | ||
|---|---|---|---|
| 999 |
_c183078 _d183078 |
||
| 005 | 20211216103931.0 | ||
| 010 | _aENG-130351 | ||
| 020 |
_c399.00 _a978-93-89253-08-5 |
||
| 035 | _aEN-113883 | ||
| 037 | _bDBAD / PUB | ||
| 082 | _aN | ||
| 100 | _aLakshminaray, Lavanya | ||
| 245 |
_aAnalog And Other Simulations of Your Future: _cLavany6a Lakshminarayan |
||
| 250 | _a2020 | ||
| 260 |
_bHachette India _c2020 _aGurugram |
||
| 270 |
_bGurugram _a4th & 5th Floors, Corporate Centre, Plot No. 94, Sector 44, _e122003 |
||
| 300 |
_a312p. _c19cm (pbk) |
||
| 942 |
_adpl _cEN _2ddc _hN _mLAK |
||